Дело об установлении взимания денежной платы с экзаменующихся на степень аптекарского помощника в пользу фармацевтического кабин...

Доступно только в Электронных читальных залах Найти на картеНа карте
RUSMARC
00004121nmc2a2200000 x 450
001f708b029-e036-4596-90b6-0367fc9fe055
00520151215144915.0
100##$a20150825l18501851k l0rusy0189 ca
1010#$arus
102##$aRU
2001#$aДело об установлении взимания денежной платы с экзаменующихся на степень аптекарского помощника в пользу фармацевтического кабинета соответствующего высшего учебного заведения
$j15 декабря 1850 г. - 3 апреля 1851 г.
251##$cДело
300##$aДело
300##$aОриг. заголовок дела: Дело о взыскании с экзаменующихся на степени аптекарского помощника и провизора платы в пользу фармацевтического кабинета. 15 декабря 1850 г. - 3 апреля 1851 г
801#0$aRU
$bРГИА
$c20150825
$gRCR
801#1$aRU
$bГлавНИВЦ
$c20150825
$2rusmarc
801#2$aRU
$bПБ им. Б.Н. Ельцина
$c20151215
$gRCR
$2rusmarc
850##$aРГИА
852##$aРГИА
$eФедеральное казенное учреждение "Российский государственный исторический архив" (РГИА)
$j530
937##$hРГИА
$d12085818
$aASBIBLIO_SCAN
462#0$100110dcdccd-ec79-4ee8-a204-b9d031b41c04
$12001
$aМедицинские дела Департамента народного просвещения
$1251
$cОпись
$1852
$j99
461#0$1001a74412a3-3cc5-4d21-8f0a-dfe2fbd9e72d
$12001
$aДепартамент народного просвещения Министерства народного просвещения
$1251
$cФонд
$1852
$j733
215##$a15 л.
$d36,5х26 см
371##$aДокумент не является опубликованным и широко распространяемым
105##$ay###
1222#$ad
5171#$aДело о взыскании с экзаменующихся на степени аптекарского помощника и провизора платы в пользу фармацевтического кабинета. 15 декабря 1850 г. - 3 апреля 1851 г
035##$af708b029-e036-4596-90b6-0367fc9fe055
Формат отображения